| 000 | 01044nam a22002537a 4500 | ||
|---|---|---|---|
| 999 |
_c65417 _d65417 |
||
| 005 | 20240530110823.0 | ||
| 008 | 190711s2019 ua a g 000 0 ara d | ||
| 017 |
_bمصر. دار الكتب _a2018/8932 |
||
| 020 | _a9789778122701 | ||
| 040 |
_aEG-CaGPL _cEG-CaGPL |
||
| 082 | 0 | 4 |
_221 _a967.81 / _bص ز |
| 100 | 0 | _aصالح محروس محمد محمد | |
| 245 | 1 | 0 |
_aزنجبار والايام الاخيرة للحكم العمانى فى شرق افريقيا 1964 : _bدراسة وثائقية / _cصالح محروس محمد محمد |
| 250 | _aط.1 | ||
| 260 |
_aالقاهرة : _bالمكتب العربى للمعارف، _c2019 . |
||
| 300 |
_a183 ص. : _bايض. ؛ _c24 سم. |
||
| 650 | _2qrmak | ||
| 651 | 0 | 7 |
_2qrmak _aزنجبار |
| 651 | 0 | 7 |
_aالامبراطورية العمانية _2qrmak |
| 651 | 0 | 7 |
_aاوغندا _xتاريخ _zانقلاب يناير الاسود 1964 _2qrmak |
| 651 | 0 | 7 |
_aشرق افريقيا _xتاريخ _2qrmak |
| 942 |
_2ddc _cBK |
||